Normal view
MARC view
- Khurumi, RS
Entry Personal Name
001 - CONTROL NUMBER
- control field: 7015
003 - CONTROL NUMBER IDENTIFIER
- control field: OSt
005 - DATE AND TIME OF LATEST TRANSACTION
- control field: 20250128121238.0
008 - FIXED-LENGTH DATA ELEMENTS
- fixed length control field: 250128|| aca||aabn | a|a d
040 ## - CATALOGING SOURCE
- Original cataloging agency: OSt
- Transcribing agency: OSt
100 ## - HEADING--PERSONAL NAME
- Personal name: Khurumi, RS
670 ## - SOURCE DATA FOUND
- Source citation: Work cat.: (OSt)19164: Khurumi, RS, Text Book of Hydraulics Fluid Mechanics and Hydraulic Machines
